00617nam a22001817a 4500003000400000005001700004008004100021020002200062040001100084082002700095100001800122245015300140260003400293300003600327500003600363700001900399700001700418OSt20251027105606.0230629b ||||| |||| 00| 0 eng d a978-0-367-23607-6 cNMSCST a410.18 bA169 2020 c.1 aJ. R. Martin. aAccessing academic discourse: bsystemic functional linguistics and legitimation code theory /cEdited by J. R. Martin, Karrl Maton, and Y.J. Doran. aLondon :bRoutledge, cc2020. axi, 315 pages :billustrations. aIncludes references and index.  aMaton, Karrl.  aDoran, Y.J.